Countries by Capital Quiz Stats

 Plays Quiz Updated Apr 18, 2019

     
Support Sporcle.
Go Orange.
Score 0/197 Timer 18:00
27 Plays Today
Capital Country % Correct
AthensGreece
92.7%
AmsterdamNetherlands
92.7%
BeijingPeople's Republic of China
92%
BerlinGermany
91.4%
BaghdadIraq
90.1%
BangkokThailand
90%
CairoEgypt
89.5%
DublinIreland
88.6%
BrasíliaBrazil
87.9%
Mexico CityMexico
87.8%
CopenhagenDenmark
87.8%
MadridSpain
87.2%
MoscowRussia
87.1%
Buenos AiresArgentina
87%
JerusalemIsrael
86.9%
LondonUnited Kingdom
86.8%
Guatemala CityGuatemala
86.6%
BrusselsBelgium
86.4%
AlgiersAlgeria
86.3%
ParisFrance
86.2%
Kuwait CityKuwait
85.8%
New DelhiIndia
85.6%
Panama CityPanama
85.3%
RomeItaly
85%
Abu DhabiUnited Arab Emirates
84.6%
HelsinkiFinland
84.2%
OttawaCanada
84.1%
Andorra la VellaAndorra
84%
HavanaCuba
84%
LuxembourgLuxembourg
83.6%
OsloNorway
83.3%
BudapestHungary
83.2%
LisbonPortugal
82.9%
LimaPeru
82.4%
MonacoMonaco
82.2%
CanberraAustralia
82.2%
AnkaraTurkey
82.1%
TokyoJapan
81.9%
BernSwitzerland
81.2%
SeoulSouth Korea
80.7%
StockholmSweden
80.4%
Washington D.C.United States
80.4%
Vatican CityVatican City
79.5%
SingaporeSingapore
79.4%
HanoiVietnam
78.2%
PragueCzechia
77.7%
KingstonJamaica
77.4%
BogotáColombia
77.3%
ReykjavikIceland
77.1%
WarsawPoland
76.8%
ViennaAustria
76.6%
JakartaIndonesia
76.4%
KabulAfghanistan
76.4%
KyivUkraine
76.4%
DjiboutiDjibouti
76.1%
IslamabadPakistan
75.4%
BeirutLebanon
75.4%
DamascusSyria
75%
NairobiKenya
74.8%
BucharestRomania
74.8%
San SalvadorEl Salvador
74.3%
TehranIran
73.4%
SantiagoChile
73.3%
ManilaPhilippines
73.2%
San MarinoSan Marino
73.1%
CaracasVenezuela
72.5%
Capital Country % Correct
PyongyangNorth Korea
71.6%
Kuala LumpurMalaysia
71.3%
TunisTunisia
71.2%
TaipeiRepublic of China (Taiwan)
71%
Addis AbabaEthiopia
70.7%
BelgradeSerbia
70.6%
KathmanduNepal
70.2%
Port-au-PrinceHaiti
69.9%
WellingtonNew Zealand
69.7%
MinskBelarus
69.3%
La PazBolivia
68.4%
BratislavaSlovakia
68.2%
PretoriaSouth Africa
66.4%
MontevideoUruguay
66%
SofiaBulgaria
66%
Phnom PenhCambodia
65.9%
AmmanJordan
65.9%
BissauGuinea-Bissau
65.6%
AsunciónParaguay
64.8%
RiyadhSaudi Arabia
64.3%
QuitoEcuador
63.4%
RigaLatvia
63.3%
NassauBahamas
62.3%
TripoliLibya
61.8%
SarajevoBosnia and Herzegovina
60.7%
Santo DomingoDominican Republic
59.9%
ZagrebCroatia
59.4%
TallinnEstonia
59%
São ToméSão Tomé and Príncipe
58.6%
NicosiaCyprus
58.6%
AccraGhana
58.2%
Sri Jayawardenepura KotteSri Lanka
58.2%
LjubljanaSlovenia
57.9%
DohaQatar
57%
MogadishuSomalia
56.7%
UlaanbaatarMongolia
55.2%
KhartoumSudan
54.9%
San JoséCosta Rica
54.9%
RabatMorocco
54.3%
DhakaBangladesh
54.3%
MuscatOman
53.9%
VilniusLithuania
53.2%
DakarSenegal
53.1%
AbujaNigeria
53%
BakuAzerbaijan
52.5%
AntananarivoMadagascar
51.8%
SkopjeNorth Macedonia
51.8%
ManaguaNicaragua
51.5%
HarareZimbabwe
51.1%
TbilisiGeorgia
51%
ChisinauMoldova
50.7%
VallettaMalta
49.7%
FreetownSierra Leone
48.3%
Nur-SultanKazakhstan
48.2%
TiranaAlbania
47.5%
AshgabatTurkmenistan
47%
PristinaKosovo
46.8%
Bandar Seri BegawanBrunei
46.7%
TegucigalpaHonduras
46.6%
VaduzLiechtenstein
46.1%
BelmopanBelize
46.1%
RamallahPalestine
46%
BridgetownBarbados
46%
KinshasaDemocratic Republic of the Congo
45.5%
Port of SpainTrinidad and Tobago
45.5%
BrazzavilleRepublic of the Congo
45.4%
Capital Country % Correct
KampalaUganda
45%
MaléMaldives
44.9%
BishkekKyrgyzstan
44.7%
SanaáYemen
44.6%
PodgoricaMontenegro
44.6%
MonroviaLiberia
44.5%
GeorgetownGuyana
44.4%
TashkentUzbekistan
43.2%
ParamariboSuriname
42.6%
DiliTimor Leste
42.3%
OuagadougouBurkina Faso
42.1%
KigaliRwanda
41.4%
VientianeLaos
41.3%
LuandaAngola
41.2%
WindhoekNamibia
40.9%
Port MoresbyPapua New Guinea
40.2%
ApiaSamoa
40.1%
SuvaFiji
38.5%
BamakoMali
38.4%
YerevanArmenia
38.3%
ConakryGuinea
38%
N'DjamenaChad
37.9%
LoméTogo
37.8%
ThimphuBhutan
37.7%
AsmaraEritrea
37.7%
CastriesSaint Lucia
37%
DushanbeTajikistan
37%
ManamaBahrain
36.9%
GaboroneBotswana
36.8%
NaypyidawMyanmar
36.6%
LilongweMalawi
36.4%
FunafutiTuvalu
36.3%
BasseterreSaint Kitts and Nevis
35.7%
DodomaTanzania
35.2%
NiameyNiger
35%
VictoriaSeychelles
34.9%
MaputoMozambique
34.8%
LibrevilleGabon
34.7%
BanguiCentral African Republic
34.7%
LusakaZambia
34.6%
RoseauDominica
34.4%
KingstownSaint Vincent and the Grenadines
34.3%
GitegaBurundi
34.3%
JubaSouth Sudan
33.4%
MbabaneEswatini
33.1%
BanjulThe Gambia
33.1%
YaoundéCameroon
32.2%
St. John'sAntigua and Barbuda
32.1%
Porto-NovoBenin
31.9%
St. George'sGrenada
31.6%
Port LouisMauritius
31.5%
NouakchottMauritania
31.3%
MoroniComoros
30.9%
PraiaCabo Verde
30.8%
HoniaraSolomon Islands
30.6%
Nuku'alofaTonga
30.6%
YamoussoukroCôte d'Ivoire
30.5%
MaseruLesotho
30%
Port VilaVanuatu
28%
PalikirFederated States of Micronesia
27.2%
MalaboEquatorial Guinea
26.5%
NgerulmudPalau
26.4%
MajuroMarshall Islands
26.1%
TarawaKiribati
24.8%
YarenNauru
23.6%

From the Vault

Before, During and After

by AdmiralMaxtreme

Start with the beginning, the end or the middle, and finish in pure satisfaction.
Remove Ads.
Support Sporcle.
Get the best of Sporcle when you Go Orange. This ad-free experience offers more features, more stats, and more fun while also helping to support Sporcle. Thank you for becoming a member.

Show Comments

Extras

Top Quizzes Today


Score Distribution

Your Account Isn't Verified!

In order to create a playlist on Sporcle, you need to verify the email address you used during registration. Go to your Sporcle Settings to finish the process.

Report this User

Report this user for behavior that violates our Community Guidelines.

Details: